IDOC International : numéro 21 /

IDOC International (por las siglas en inglés) se refiere al Centro Internacional de Documentación sobre la Iglesia Contemporánea, fundado en Roma en 1965, al fin del Concilio Vaticano Segundo y reestructurado en 1968, a raíz de los resultados de la Asamblea del Consejo Ecuménico de Iglesias, con el...

সম্পূর্ণ বিবরণ

সংরক্ষণ করুন:
গ্রন্থ-পঞ্জীর বিবরন
অন্যান্য লেখক: Alting von Geusau, Léo (dirección) (dirección)
বিন্যাস: গ্রন্থ
ভাষা:ফরাসি
বিষয়গুলি:
ট্যাগগুলো: ট্যাগ যুক্ত করুন
কোনো ট্যাগ নেই, প্রথমজন হিসাবে ট্যাগ করুন!

MARC

LEADER 00000nam^a2200000^a^4500
001 000182441
005 20250521000000.0
009 20260310102007.288
037 |a Acervo ITESO - Biblioteca 
041 |a FRA 
082 |a 261. 05  |b IDO 1970 V. 21 
240 1 1 |a [IDOC International, Revue Interconfessionnell de Documentation] 
245 1 0 |a IDOC International :  |b numéro 21 /  |c Dir. de L. Alting von Geusau. 
264 |a París, Francia :  |b Editions du Seuil,  |c 1970 
300 |a 94 p. 
336 |a texto  |b txt  |2 rdacontenido 
337 |a sin mediación  |b n  |2 rdamedio 
338 |a volumen  |b nc  |2 rdasoporte 
520 |a IDOC International (por las siglas en inglés) se refiere al Centro Internacional de Documentación sobre la Iglesia Contemporánea, fundado en Roma en 1965, al fin del Concilio Vaticano Segundo y reestructurado en 1968, a raíz de los resultados de la Asamblea del Consejo Ecuménico de Iglesias, con el propósito de trabajar sobre una base interconfesional. Este grupo de trabajo es internacional conformado por cerca de 250 expertos quienes representan a casi 40 países. A través de su publicación periódica quincenal se difunde únicamente información y documentos que conciernen a problemas de interés internacional e interconfesional, dentro del mundo cristiano contemporáneo. Algunos de los temas que aquí se abordan son: Teis de una antropología de la paz; La iglesia y los problemas de la crisis urbana en los Estados Unidos; La iglesia y la revolución social, dentro de la segunda decena de desarrollo; El futuro de los roles episcopales y papales; Análisis de la Iglesia subterranea en Alemania Occidental. 
649 |a XX 
650 |a Iglesia y Problemas Sociales -  |x Publicaciones Periódicas Francesas 
650 |a Obispos -  |x Condiciones Sociales y Culturales 
650 |a Sacerdocio -  |x Aspectos Sociales y Culturales 
650 |a Soltería 
650 |a Autoridad (Religión) 
650 |a Iglesia Católica -  |x Disciplina 
650 |a Iglesia Católica -  |x Gobierno 
650 |a Guerra y Paz -  |x Aspectos Eticos 
650 |a Iglesia Católica -  |x Relaciones -  |x Judaísmo 
650 |a Problemas Sociales -  |z EUA 
650 |a Cambios Sociales y Culturales -  |z EUA 
650 |a Desarrollo Económico-Social -  |x Aspectos Eticos 
650 |a Movimientos Religiosos -  |z Latinoamérica 
650 |a Unidad Cristiana 
650 |a Ecumenismo 
650 |a Cristianismo 
650 |a Religión 
650 |a Publicaciones Periódicas Francesas 
700 |a Alting von Geusau, Léo  |e (dirección) 
910 |a Fondo General 
920 |a Impresos - Libros 
930 |a Colección General 
905 |a 101 
901 |a 0500122074  |b IT1  |c ACC  |u 20250521 
902 |a https://opac.biblio.iteso.mx/vufind/Record/000182441